| 000 | 00770nam a2200229 i 4500 | ||
|---|---|---|---|
| 003 | IT-RoINE | ||
| 005 | 20191217094013.0 | ||
| 008 | 920725s1940 sp ae |r 1|| spa|d | ||
| 040 |
_aSpMaBN _cA2 IT-RoINE _dIT-RoINE |
||
| 100 | 1 |
_912807 _aJunyent, Eduard, _d1901-1978 |
|
| 245 | 1 | 3 |
_aLa Iglesia : _bConstrucción. Decoración. Restauración.../ _cDr. Eduardo Junyent. |
| 260 |
_aBarcelona : _bEdit. Balmes, _c1940. _fAtenas A.G. |
||
| 300 |
_a331 p. : _bil. ; _c25 cm. |
||
| 336 |
_2rdacontent _atext |
||
| 337 |
_2rdamedia _aunmediated |
||
| 338 |
_2rdacarrier _avolume |
||
| 500 | _aIncluye índice. | ||
| 504 | _aIncluye bibliografía. | ||
| 650 | 4 |
_946083 _aIglesias _xDecoración y ornamentación |
|
| 650 | 4 |
_2Arquitectura religiosa _xHistoria _94889 |
|
| 942 | _cMTS | ||
| 999 |
_c23905 _d23905 |
||